[Event "Regionalliga Sued-West 1718"]
[Site "Bayern"]
[Date "2018.04.15"]
[Round "9.8"]
[White "Menzinger, Peter"]
[Black "Steinbacher, Matthias"]
[Result "1/2-1/2"]
[WhiteElo "1762"]
[BlackElo "2143"]
[PlyCount "95"]
[EventDate "2017.10.22"]
[EventType "team-tourn"]
[EventRounds "9"]
[EventCountry "GER"]
[SourceTitle "EXT 2022"]
[Source "ChessBase"]
[SourceDate "2021.10.06"]
[SourceVersion "1"]
[SourceVersionDate "2021.10.06"]
[SourceQuality "1"]
[WhiteTeam "Marktoberdorf"]
[BlackTeam "Muenchen FC Bayern"]
[WhiteTeamCountry "GER"]
[BlackTeamCountry "GER"]

1. Nf3 Nf6 2. g3 g6 3. Bg2 Bg7 4. 0-0 0-0 5. d4 d6 6. c4 Nc6 7. Nc3 Bf5 8. b3 Ne4 9. Bb2 Nxc3 10. Bxc3 Be4 11. Rc1 e5 12. dxe5 dxe5 13. Nh4 Bxg2 14. Nxg2 Qxd1 15. Rfxd1 Rfd8 16. e3 f6 17. Kf1 Kf7 18. Ke2 Bf8 19. Rxd8 Rxd8 20. Rd1 Rxd1 21. Kxd1 Nb4 22. Bxb4 Bxb4 23. e4 Bc5 24. Ke2 h5 25. h3 c6 26. f3 f5 27. Kd3 Kf6 28. Ke2 Kg5 29. Kf1 b5 30. cxb5 cxb5 31. a4 bxa4 32. bxa4 a5 33. Ke2 Bg1 34. Kf1 Bh2 35. Kf2 f4 36. g4 Kf6 37. Ke2 hxg4 38. hxg4 Bg3 39. Kd3 Bf2 40. Kc4 Bb6 41. Kd5 Bf2 42. g5+ Kxg5 43. Kxe5 Be3 44. Kd6 Bd2 45. Ke6 Bb4 46. Kf7 Bc3 47. Ke6 Bd2 48. Kf7 1/2-1/2

[Event "Regionalliga Sued-West 1718"]
[Site "Bayern"]
[Date "2018.02.25"]
[Round "7.8"]
[White "Guenther, Joerg"]
[Black "Steinbacher, Matthias"]
[Result "0-1"]
[WhiteElo "1869"]
[BlackElo "2143"]
[PlyCount "88"]
[EventDate "2017.10.22"]
[EventType "team-tourn"]
[EventRounds "9"]
[EventCountry "GER"]
[SourceTitle "EXT 2022"]
[Source "ChessBase"]
[SourceDate "2021.10.06"]
[SourceVersion "1"]
[SourceVersionDate "2021.10.06"]
[SourceQuality "1"]
[WhiteTeam "Altstadt Roter Turm"]
[BlackTeam "Muenchen FC Bayern"]
[WhiteTeamCountry "GER"]
[BlackTeamCountry "GER"]

1. e4 Nc6 2. Nf3 Nf6 3. e5 Nd5 4. d4 d6 5. exd6 exd6 6. Be2 Qf6 7. Nc3 Nxc3 8. bxc3 Be7 9. 0-0 0-0 10. Re1 Re8 11. Rb1 Bf8 12. Bg5 Qg6 13. Qd2 h6 14. Bf4 Qf6 15. Bg3 Na5 16. c4 b6 17. c5 dxc5 18. Bxc7 cxd4 19. Be5 Qd8 20. Qf4 Bb7 21. Nxd4 Rc8 22. Rbd1 Qd5 23. Bf3 Qxa2 24. Ra1 Qc4 25. Rxa5 bxa5 26. Bxb7 Qb4 27. c3 Qxb7 28. Nf5 f6 29. Nxh6+ gxh6 30. Qxf6 Qg7 31. Qf5 Rc5 32. f4 Rcxe5 33. fxe5 Bc5+ 34. Kh1 Rf8 35. Qe4 Kh8 36. e6 Qxc3 37. h4 Qd4 38. e7 Rf1+ 39. Kh2 Bd6+ 40. Kh3 Rh1+ 41. Kg4 Qg7+ 42. Kh5 Qf7+ 43. Qg6 Qxg6+ 44. Kxg6 Rxe1 0-1

[Event "Regionalliga Sued-West 1718"]
[Site "Bayern"]
[Date "2018.01.21"]
[Round "5.8"]
[White "Weinberger, Wolfgang"]
[Black "Steinbacher, Matthias"]
[Result "0-1"]
[WhiteElo "1995"]
[BlackElo "2143"]
[PlyCount "48"]
[EventDate "2017.10.22"]
[EventType "team-tourn"]
[EventRounds "9"]
[EventCountry "GER"]
[SourceTitle "EXT 2022"]
[Source "ChessBase"]
[SourceDate "2021.10.06"]
[SourceVersion "1"]
[SourceVersionDate "2021.10.06"]
[SourceQuality "1"]
[WhiteTeam "Garching III"]
[BlackTeam "Muenchen FC Bayern"]
[WhiteTeamCountry "GER"]
[BlackTeamCountry "GER"]

1. d4 d5 2. c4 dxc4 3. e4 Nc6 4. d5 Na5 5. Qa4+ c6 6. Bd2 b6 7. Bxa5 bxa5 8. Nc3 e5 9. Nf3 Bb4 10. Qxc6+ Bd7 11. Qxc4 Rc8 12. Qd3 Ne7 13. Nxe5 0-0 14. Nxd7 Qxd7 15. a3 Bxc3+ 16. bxc3 Ng6 17. Qd4 f5 18. Bd3 fxe4 19. Bxe4 Nf4 20. Ra2 Qb5 21. g3 Rce8 22. gxf4 Qb1+ 23. Qd1 Qxe4+ 24. Kd2 Qxd5+ 0-1

[Event "Regionalliga Sued-West 1718"]
[Site "Bayern"]
[Date "2017.11.26"]
[Round "3.8"]
[White "Maroroa, Sue Yuchan"]
[Black "Steinbacher, Matthias"]
[Result "0-1"]
[WhiteElo "2103"]
[BlackElo "2143"]
[PlyCount "88"]
[EventDate "2017.10.22"]
[EventType "team-tourn"]
[EventRounds "9"]
[EventCountry "GER"]
[SourceTitle "EXT 2022"]
[Source "ChessBase"]
[SourceDate "2021.10.06"]
[SourceVersion "1"]
[SourceVersionDate "2021.10.06"]
[SourceQuality "1"]
[WhiteTeam "Muenchen SC II"]
[BlackTeam "Muenchen FC Bayern"]
[WhiteTeamCountry "GER"]
[BlackTeamCountry "GER"]

1. e4 Nf6 2. e5 Nd5 3. d4 c6 4. c4 Nc7 5. Nc3 d5 6. h3 g6 7. Be3 Bg7 8. Nf3 f6 9. Qd2 Be6 10. Bh6 0-0 11. cxd5 Bxd5 12. Bxg7 Kxg7 13. exf6+ exf6 14. Be2 Qd6 15. 0-0-0 Nd7 16. Kb1 Rae8 17. h4 a6 18. Ka1 Nb5 19. Nxd5 Qxd5 20. Rde1 Nd6 21. Qc2 Rf7 22. Bd3 Rfe7 23. Rxe7+ Rxe7 24. h5 Nf8 25. hxg6 hxg6 26. Qc1 g5 27. Bb1 Re2 28. Rh5 Nf7 29. Nh4 Rxf2 30. Qe3 Rf1 31. Qd3 Rxb1+ 32. Qxb1 Nd6 33. Nf3 Ne4 34. a3 a5 35. Qc2 Ne6 36. Nd2 f5 37. Nf3 g4 38. Qc1 gxf3 39. Qh6+ Kf7 40. Qh7+ Ng7 41. Rh6 f2 42. Qg6+ Kg8 43. Qh7+ Kf8 44. Rh1 Ng3 0-1

[Event "Pyramiden Franken Cup"]
[Site "Fuerth"]
[Date "2016.09.02"]
[Round "3"]
[White "Steinbacher, Matthias"]
[Black "Braun, Michael1111"]
[Result "1/2-1/2"]
[WhiteElo "2182"]
[BlackElo "2051"]
[PlyCount "142"]
[EventDate "2016.09.01"]
[EventType "swiss"]
[EventRounds "7"]
[EventCountry "GER"]
[SourceTitle "CBM 174 Extra"]
[Source "ChessBase"]
[SourceDate "2016.10.10"]
[SourceVersion "1"]
[SourceVersionDate "2016.10.10"]
[SourceQuality "1"]

1. c4 Nf6 2. Nf3 c6 3. Qa4 e6 4. d4 d5 5. g3 Nbd7 6. cxd5 exd5 7. Bf4 Nb6 8. Qa5 Bf5 9. Nbd2 Ne4 10. Bg2 Nxd2 11. Nxd2 Bd6 12. Bxd6 Qxd6 13. 0-0 0-0 14. Rac1 Rfe8 15. Rfe1 Nd7 16. e4 Bxe4 17. Bxe4 dxe4 18. Nxe4 Qxd4 19. Rcd1 Qe5 20. Qd2 Qd5 21. Qf4 Qe6 22. Re3 Ne5 23. Nd6 Rad8 24. Rxe5 Qxe5 25. Qxf7+ Kh8 26. Kg2 h6 27. Qg6 Rxd6 28. Rxd6 Rf8 29. Rd2 Qe7 30. h4 Rd8 31. Rxd8+ Qxd8 32. Qf7 a5 33. Qxb7 Qd5+ 34. Kg1 Qd1+ 35. Kh2 Qc2 36. Qb6 c5 37. Kg1 Qb1+ 38. Kg2 Qe4+ 39. Kh2 Qc2 40. Qb8+ Kh7 41. Qf4 Qxb2 42. g4 Qf6 43. Kg3 Qc3+ 44. Kg2 Qd3 45. Qf3 Qd4 46. Qf5+ Kg8 47. g5 Qxh4 48. Qe6+ Kf8 49. Qd6+ Ke8 50. Qe5+ Kd8 51. Qd5+ Ke7 52. Qxc5+ Ke6 53. Qc8+ Ke7 54. Qc7+ Ke6 55. Qc6+ Ke7 56. Qc7+ Ke6 57. Qxa5 Qg4+ 58. Kf1 Qc4+ 59. Ke1 Qc1+ 60. Ke2 Qc4+ 61. Ke3 hxg5 62. Qb6+ Kf5 63. Qb1+ Ke5 64. Qb8+ Kf5 65. Qf8+ Kg6 66. Qe8+ Kh6 67. a4 Qf4+ 68. Ke2 Qc4+ 69. Kd2 Qd4+ 70. Ke1 Qc3+ 71. Kd1 Qd3+ 1/2-1/2

[Event "Pyramiden Franken Cup"]
[Site "Fuerth"]
[Date "2016.09.02"]
[Round "2"]
[White "Willim, Michael"]
[Black "Steinbacher, Matthias"]
[Result "0-1"]
[WhiteElo "2085"]
[BlackElo "2182"]
[PlyCount "112"]
[EventDate "2016.09.01"]
[EventType "swiss"]
[EventRounds "7"]
[EventCountry "GER"]
[SourceTitle "CBM 174 Extra"]
[Source "ChessBase"]
[SourceDate "2016.10.10"]
[SourceVersion "1"]
[SourceVersionDate "2016.10.10"]
[SourceQuality "1"]

1. c4 e6 2. Nc3 d5 3. e3 c5 4. cxd5 exd5 5. d4 Nf6 6. Nf3 a6 7. Be2 Nc6 8. 0-0 Bd6 9. dxc5 Bxc5 10. a3 Ba7 11. b4 d4 12. exd4 Nxd4 13. Nxd4 Bxd4 14. Bb2 0-0 15. Bf3 Re8 16. Qd2 Bg4 17. Bxg4 Nxg4 18. Qf4 h5 19. Rad1 Be5 20. Rxd8 Bxf4 21. Rxa8 Bxh2+ 22. Kh1 Rxa8 23. g3 Rd8 24. Ne4 h4 25. gxh4 Bf4 26. Kg2 f5 27. Nc3 Rd2 28. Nd1 Rd3 29. Nc3 Be5 30. Rd1 Rxd1 31. Nxd1 Kf7 32. Bxe5 Nxe5 33. Ne3 Ke6 34. Kg3 b5 35. Kf4 g6 36. Kg5 Nf3+ 37. Kxg6 Nxh4+ 38. Kg5 Nf3+ 39. Kf4 Nd4 40. f3 Ne2+ 41. Kg5 Ng1 42. Nxf5 Nxf3+ 43. Kf4 Nd2 44. Nd4+ Kd5 45. Ke3 Nb1 46. Kd3 Nxa3 47. Nb3 Nc4 48. Kc3 Ne3 49. Kd3 Ng2 50. Kc3 Nf4 51. Nc5 a5 52. Nb3 Ne2+ 53. Kd2 a4 54. Kxe2 axb3 55. Kd3 b2 56. Kc2 Kc4 0-1

[Event "Pyramiden Franken Cup"]
[Site "Fuerth"]
[Date "2016.09.01"]
[Round "1"]
[White "Steinbacher, Matthias"]
[Black "Bildt, Thomas"]
[Result "1-0"]
[WhiteElo "2182"]
[BlackElo "1997"]
[PlyCount "109"]
[EventDate "2016.09.01"]
[EventType "swiss"]
[EventRounds "7"]
[EventCountry "GER"]
[SourceTitle "CBM 174 Extra"]
[Source "ChessBase"]
[SourceDate "2016.10.10"]
[SourceVersion "1"]
[SourceVersionDate "2016.10.10"]
[SourceQuality "1"]

1. c4 Nf6 2. Nc3 d5 3. cxd5 Nxd5 4. e4 Nxc3 5. dxc3 Qxd1+ 6. Kxd1 e5 7. f4 Nc6 8. Nf3 Bd6 9. Bb5 Bd7 10. Bxc6 Bxc6 11. fxe5 Bc5 12. Re1 0-0-0+ 13. Kc2 Bb5 14. Bg5 Bd3+ 15. Kb3 Rd7 16. Be3 Be7 17. e6 fxe6 18. Ne5 Bxe4 19. Nxd7 Kxd7 20. Rad1+ Bd6 21. c4 Kc6 22. Bd4 Bxg2 23. Rxe6 Rf8 24. Bxg7 Rf3+ 25. Bc3 Rh3 26. Rd2 Bf3 27. Rd3 Bg4 28. Rxh3 Bxh3 29. Rh6 Bf5 30. Be5 Bg6 31. Bxd6 Kxd6 32. Kc3 c5 33. Kd2 Ke5 34. Ke3 Bb1 35. a3 Bc2 36. b4 cxb4 37. axb4 Bg6 38. Rh4 Kd6 39. Kd4 Kc6 40. Rf4 b6 41. Rf6+ Kb7 42. c5 bxc5+ 43. Kxc5 Bd3 44. Rf7+ Kb8 45. b5 h5 46. Re7 Bf1 47. Re5 h4 48. Re8+ Kc7 49. Re7+ Kb8 50. Rf7 Bg2 51. Rh7 h3 52. Kb4 Bf1 53. Ka5 Bg2 54. Ka6 Bf1 55. Rb7+ 1-0

[Event "Bad Woerishofen op 28th"]
[Site "Bad Woerishofen"]
[Date "2012.03.09"]
[Round "8"]
[White "Steinbacher, Matthias"]
[Black "Pirrot, Dieter"]
[Result "1-0"]
[WhiteElo "2247"]
[BlackElo "2371"]
[PlyCount "35"]
[EventDate "2012.03.02"]
[EventType "swiss"]
[EventRounds "9"]
[EventCountry "GER"]
[SourceTitle "EXT 2019"]
[Source "ChessBase"]
[SourceDate "2018.10.10"]
[SourceVersion "1"]
[SourceVersionDate "2018.10.10"]
[SourceQuality "1"]

1. c4 e5 2. Nc3 Nf6 3. Nf3 Nc6 4. g3 g6 5. d4 exd4 6. Nxd4 Nxd4 7. Qxd4 Bg7 8. Qe3+ Qe7 9. Nb5 Qxe3 10. Bxe3 Kd8 11. Bxa7 b6 12. Bg2 d5 13. cxd5 Bb7 14. 0-0 Ne8 15. Rfd1 Be5 16. d6 Bxg2 17. Kxg2 Bxb2 18. Rab1 1-0

[Event "Munich OIS op 31st"]
[Site "Munich"]
[Date "2011.09.23"]
[Round "7"]
[White "Steinbacher, Matthias"]
[Black "Dehlinger, Alexander"]
[Result "0-1"]
[WhiteElo "2228"]
[BlackElo "2140"]
[PlyCount "110"]
[EventDate "2011.09.17"]
[EventType "swiss"]
[EventRounds "9"]
[EventCountry "GER"]
[SourceTitle "CBM 144 Extra"]
[Source "ChessBase"]
[SourceDate "2011.10.28"]
[SourceVersion "1"]
[SourceVersionDate "2011.10.28"]
[SourceQuality "1"]

1. Nc3 c5 2. e4 Nc6 3. Bb5 Nd4 4. Nf3 Nxb5 5. Nxb5 a6 6. Nc3 e6 7. d4 cxd4 8. Qxd4 Ne7 9. Bf4 Nc6 10. Qd2 Bb4 11. a3 Qa5 12. axb4 Qxa1+ 13. Nd1 d5 14. exd5 exd5 15. 0-0 0-0 16. Re1 Be6 17. c4 d4 18. b5 axb5 19. cxb5 Na5 20. Bc7 Nb3 21. Qg5 Qc1 22. Qg3 Qh6 23. Nh4 Qd2 24. Nf3 Qd3 25. Be5 Qg6 26. Qh4 Bg4 27. Qg3 Be6 28. Qh4 Bd5 29. Qf4 f6 30. Bd6 Rfe8 31. Rxe8+ Rxe8 32. h3 Nd2 33. Qxd2 Bxf3 34. Bg3 Bxd1 35. Qxd1 Qe4 36. f3 Qg6 37. Bf4 d3 38. Qb3+ Kh8 39. Qd5 h6 40. g4 Re2 41. Kf1 Rxb2 42. Qd8+ Kh7 43. Qd7 d2 44. Bxd2 Qb1+ 45. Kf2 Qc2 46. Ke1 Rb1+ 47. Kf2 Qc5+ 48. Kg3 Qxb5 49. Qf7 Qb3 50. Qd7 Qc2 51. Be3 Rb3 52. Bxh6 Kxh6 53. Qf7 Rb5 54. h4 Kh7 55. h5 Rb2 0-1

[Event "Munich OIS op 31st"]
[Site "Munich"]
[Date "2011.09.22"]
[Round "6"]
[White "Zur Lage, Julian"]
[Black "Steinbacher, Matthias"]
[Result "0-1"]
[WhiteElo "2034"]
[BlackElo "2228"]
[PlyCount "72"]
[EventDate "2011.09.17"]
[EventType "swiss"]
[EventRounds "9"]
[EventCountry "GER"]
[SourceTitle "CBM 144 Extra"]
[Source "ChessBase"]
[SourceDate "2011.10.28"]
[SourceVersion "1"]
[SourceVersionDate "2011.10.28"]
[SourceQuality "1"]

1. d4 Nc6 2. Nf3 d5 3. g3 Bf5 4. Bg2 Qd7 5. Bf4 f6 6. c3 g5 7. Be3 Bh3 8. Bxh3 Qxh3 9. Qb3 0-0-0 10. Na3 Nh6 11. 0-0-0 Nf5 12. Nc2 Bh6 13. Nd2 e5 14. Qa4 Nxe3 15. Nxe3 exd4 16. cxd4 Rhe8 17. Kb1 Bf8 18. Nf3 h5 19. Rc1 Qd7 20. h4 g4 21. Ne1 Kb8 22. N1g2 Re4 23. Rhd1 Nxd4 24. Qxd7 Rxd7 25. f3 Rxe3 26. Nxe3 Nxe2 27. fxg4 Nxc1 28. Kxc1 c6 29. Kc2 Rg7 30. Rf1 Bc5 31. Kd3 Bxe3 32. Kxe3 Rxg4 33. Rf3 Kc7 34. Kf2 Rg6 35. Rf5 Rh6 36. b4 Kd6 0-1

[Event "Munich OIS op 31st"]
[Site "Munich"]
[Date "2011.09.21"]
[Round "5"]
[White "Steinbacher, Matthias"]
[Black "Kostic, Vladimir G"]
[Result "0-1"]
[WhiteElo "2228"]
[BlackElo "2433"]
[PlyCount "146"]
[EventDate "2011.09.17"]
[EventType "swiss"]
[EventRounds "9"]
[EventCountry "GER"]
[SourceTitle "CBM 144 Extra"]
[Source "ChessBase"]
[SourceDate "2011.10.28"]
[SourceVersion "1"]
[SourceVersionDate "2011.10.28"]
[SourceQuality "1"]

1. Nc3 c5 2. Nf3 e6 3. d4 cxd4 4. Nxd4 Nc6 5. Bf4 a6 6. Nxc6 bxc6 7. Bd6 Bxd6 8. Qxd6 Qb6 9. 0-0-0 Nf6 10. Rd4 Qb8 11. Qa3 Qe5 12. e3 c5 13. Rc4 d6 14. Be2 0-0 15. Bf3 Rb8 16. h3 Bb7 17. Bxb7 Rxb7 18. Ra4 Nd5 19. Nxd5 Qxd5 20. f3 Rb6 21. Qc3 Rfb8 22. b3 f6 23. Kb2 Qc6 24. Rg4 Kh8 25. h4 d5 26. h5 e5 27. h6 g6 28. Rd1 d4 29. exd4 cxd4 30. Qxc6 Rxc6 31. Re4 Rbc8 32. c4 dxc3+ 33. Kc2 Kg8 34. Rd7 R8c7 35. Rxc7 Rxc7 36. Re3 Kf7 37. Rxc3 Ra7 38. Rc6 a5 39. Kc3 g5 40. a3 g4 41. fxg4 Kg6 42. Kc4 Re7 43. Kd3 Rd7+ 44. Kc3 Rd1 45. Ra6 Rc1+ 46. Kd3 Rd1+ 47. Ke3 Rb1 48. Rxa5 Rxb3+ 49. Kf2 Kxh6 50. Ra7 Kg5 51. Rxh7 Kxg4 52. Ra7 f5 53. a4 Rb2+ 54. Kg1 Ra2 55. a5 Kg3 56. Rg7+ Kf4 57. Ra7 e4 58. a6 Ra1+ 59. Kf2 Ra2+ 60. Kg1 Ke3 61. Rf7 Ra1+ 62. Kh2 Rxa6 63. Rxf5 Ke2 64. g4 e3 65. Kg3 Ra1 66. g5 Kd3 67. Rf8 Rg1+ 68. Kh4 e2 69. Rd8+ Kc4 70. Re8 e1Q+ 71. Rxe1 Rxe1 72. g6 Kd5 73. Kg5 Ke6 0-1

[Event "Munich OIS op 31st"]
[Site "Munich"]
[Date "2011.09.20"]
[Round "4"]
[White "Steinbacher, Matthias"]
[Black "Schelle, Artur"]
[Result "1-0"]
[WhiteElo "2228"]
[BlackElo "2188"]
[PlyCount "67"]
[EventDate "2011.09.17"]
[EventType "swiss"]
[EventRounds "9"]
[EventCountry "GER"]
[SourceTitle "CBM 144 Extra"]
[Source "ChessBase"]
[SourceDate "2011.10.28"]
[SourceVersion "1"]
[SourceVersionDate "2011.10.28"]
[SourceQuality "1"]

1. Nc3 g6 2. e4 Bg7 3. h4 h5 4. Nf3 c6 5. Bc4 d6 6. Ng5 e6 7. Qf3 Qe7 8. d4 Nh6 9. Be3 b5 10. Bb3 Nd7 11. Qg3 Nb6 12. a4 b4 13. Ne2 Ba6 14. Nf4 Bc4 15. a5 Bxb3 16. cxb3 Nd7 17. Ngxe6 fxe6 18. Nxg6 Qf6 19. Nxh8 e5 20. Bg5 Qe6 21. d5 cxd5 22. exd5 Qf5 23. Bxh6 Bxh6 24. Qg8+ Nf8 25. Rh3 Rc8 26. Rf3 Bf4 27. Kf1 Rc7 28. Re1 Re7 29. g3 Qf6 30. Rc1 Kd7 31. gxf4 e4 32. Rg3 e3 33. Ng6 Qxb2 34. Nxf8+ 1-0

[Event "Nuremberg LGA Cup 8th"]
[Site "Nuremberg"]
[Date "2011.09.10"]
[Round "4"]
[White "Zude, Arno"]
[Black "Steinbacher, Matthias"]
[Result "1-0"]
[WhiteElo "2379"]
[BlackElo "2182"]
[PlyCount "123"]
[EventDate "2011.09.08"]
[EventType "swiss"]
[EventRounds "7"]
[EventCountry "GER"]
[SourceTitle "CBM 144 Extra"]
[Source "ChessBase"]
[SourceDate "2011.10.28"]
[SourceVersion "1"]
[SourceVersionDate "2011.10.28"]
[SourceQuality "1"]

1. e4 Nc6 2. Nf3 Nf6 3. e5 Ng8 4. d4 d5 5. h3 Bf5 6. c3 e6 7. Nbd2 h6 8. Nb3 Nge7 9. Be2 a6 10. 0-0 Bh7 11. Nc5 Qc8 12. Nd3 Ng6 13. g3 Be7 14. h4 Nf8 15. Nf4 Be4 16. Nh5 g6 17. Nf4 g5 18. Ng2 Qd8 19. h5 f6 20. exf6 Bxf6 21. Ne3 Qe7 22. Nd2 Bh7 23. a4 Nd7 24. b3 Qg7 25. Bg4 Qf7 26. Ba3 0-0-0 27. Qf3 e5 28. Nxd5 e4 29. Qxf6 Qxd5 30. Be6 Bg8 31. Bxd7+ Qxd7 32. Nc4 Bf7 33. Ne3 Bxh5 34. d5 Nb8 35. c4 Bf3 36. Rfe1 h5 37. Qf5 h4 38. g4 a5 39. Rac1 Na6 40. Qxd7+ Rxd7 41. c5 Rhd8 42. c6 Rxd5 43. cxb7+ Kxb7 44. Nxd5 Rxd5 45. Be7 Kb6 46. Rc4 e3 47. Bf6 Nb4 48. Rd4 e2 49. Rxd5 Nxd5 50. Bxg5 Nb4 51. Bd2 Bxg4 52. Bxb4 axb4 53. f4 c5 54. Kf2 c4 55. bxc4 Ka5 56. Rg1 Be6 57. c5 b3 58. Kxe2 Bf5 59. c6 Kb6 60. Rg5 h3 61. Rxf5 Kxc6 62. Kf2 1-0

[Event "Nuremberg LGA Cup 8th"]
[Site "Nuremberg"]
[Date "2011.09.08"]
[Round "1"]
[White "Steinbacher, Matthias"]
[Black "Anicic, Dragan"]
[Result "1-0"]
[WhiteElo "2182"]
[BlackElo "1540"]
[PlyCount "67"]
[EventDate "2011.09.08"]
[EventType "swiss"]
[EventRounds "7"]
[EventCountry "GER"]
[SourceTitle "CBM 144 Extra"]
[Source "ChessBase"]
[SourceDate "2011.10.28"]
[SourceVersion "1"]
[SourceVersionDate "2011.10.28"]
[SourceQuality "1"]

1. Nc3 d5 2. e4 d4 3. Nce2 e5 4. Ng3 Nf6 5. Bc4 Nc6 6. Nf3 h6 7. 0-0 g6 8. c3 d3 9. b4 a6 10. Qb3 Qe7 11. Bxd3 b5 12. a4 Be6 13. Qc2 Rb8 14. axb5 axb5 15. Ra6 Qd7 16. Be2 Bg7 17. d3 0-0 18. Be3 Rfe8 19. Nd2 g5 20. Nb3 Bxb3 21. Qxb3 Qe6 22. Qxe6 Rxe6 23. Rfa1 Nd8 24. Ra8 Nc6 25. Rxb8+ Nxb8 26. Ra8 Re8 27. Nh5 Nbd7 28. Rxe8+ Nxe8 29. Nxg7 Kxg7 30. d4 c6 31. d5 cxd5 32. Bxb5 Ndf6 33. Bxe8 Nxe4 34. b5 1-0

[Event "BL2-West 1011"]
[Site "Germany"]
[Date "2011.04.10"]
[Round "9.4"]
[White "Steinbacher, Matthias"]
[Black "Zude, Arno"]
[Result "0-1"]
[WhiteElo "2297"]
[BlackElo "2470"]
[PlyCount "74"]
[EventDate "2010.10.10"]
[EventType "team-tourn"]
[EventRounds "9"]
[EventCountry "GER"]
[SourceTitle "EXT 2012"]
[Source "ChessBase"]
[SourceDate "2011.11.24"]
[SourceVersion "1"]
[SourceVersionDate "2011.11.24"]
[SourceQuality "1"]
[WhiteTeam "Gerresheim"]
[BlackTeam "Hofheim"]
[WhiteTeamCountry "GER"]
[BlackTeamCountry "GER"]

1. Nc3 d5 2. e4 d4 3. Nb1 e5 4. Bc4 Nf6 5. d3 Bd6 6. c3 c5 7. b4 Nc6 8. cxd4 Nxd4 9. bxc5 Bxc5 10. Nc3 0-0 11. a4 Bg4 12. Nge2 Bb4 13. f3 Nxe2 14. Kxe2 Bxc3 15. Ra3 Bd4 16. fxg4 Nxg4 17. Qe1 Bf2 18. Qb4 Rc8 19. Rf1 Bc5 20. Qb3 Qd4 21. Ra2 Rc7 22. h3 Ne3 23. Bxe3 Qxe3+ 24. Kd1 Qh6 25. Rc2 Qd6 26. g4 g6 27. h4 Kg7 28. h5 Be3 29. Rh2 Qd4 30. hxg6 hxg6 31. Rfh1 Bf4 32. Rh7+ Kf6 33. Qb4 Rfc8 34. g5+ Kxg5 35. R7h3 Kf6 36. Ke2 Rxc4 37. dxc4 Rxc4 0-1

[Event "BL2-West 1011"]
[Site "Germany"]
[Date "2011.02.27"]
[Round "7.5"]
[White "Stewart, Neil"]
[Black "Steinbacher, Matthias"]
[Result "1-0"]
[WhiteElo "2300"]
[BlackElo "2297"]
[PlyCount "55"]
[EventDate "2010.10.10"]
[EventType "team-tourn"]
[EventRounds "9"]
[EventCountry "GER"]
[SourceTitle "EXT 2012"]
[Source "ChessBase"]
[SourceDate "2011.11.24"]
[SourceVersion "1"]
[SourceVersionDate "2011.11.24"]
[SourceQuality "1"]
[WhiteTeam "Koblenz"]
[BlackTeam "Gerresheim"]
[WhiteTeamCountry "GER"]
[BlackTeamCountry "GER"]

1. d4 Nc6 2. Nf3 d5 3. Bf4 Bg4 4. e3 e5 5. dxe5 g5 6. Bg3 Bg7 7. Bb5 Nge7 8. c3 0-0 9. Nbd2 Ng6 10. Qa4 Bd7 11. h4 g4 12. Nd4 a6 13. Bxc6 bxc6 14. Qc2 c5 15. Nf5 Bxe5 16. h5 Bxg3 17. Nh6+ Kg7 18. hxg6 Bxf2+ 19. Kxf2 fxg6+ 20. Kg1 Qg5 21. Re1 Rae8 22. Qd3 Bb5 23. c4 dxc4 24. Qc3+ Rf6 25. Rf1 Bd7 26. Nxg4 Bxg4 27. Rxf6 Rxe3 28. Rxh7+ 1-0

[Event "BL2-West 1011"]
[Site "Germany"]
[Date "2010.10.24"]
[Round "2.3"]
[White "Van den Doel, Erik"]
[Black "Steinbacher, Matthias"]
[Result "1-0"]
[WhiteElo "2573"]
[BlackElo "2297"]
[PlyCount "89"]
[EventDate "2010.10.10"]
[EventType "team-tourn"]
[EventRounds "9"]
[EventCountry "GER"]
[SourceTitle "EXT 2012"]
[Source "ChessBase"]
[SourceDate "2011.11.24"]
[SourceVersion "1"]
[SourceVersionDate "2011.11.24"]
[SourceQuality "1"]
[WhiteTeam "Koeln Porz"]
[BlackTeam "Gerresheim"]
[WhiteTeamCountry "GER"]
[BlackTeamCountry "GER"]

1. e4 Nc6 2. Nf3 Nf6 3. e5 Ng8 4. d4 d5 5. c3 Bf5 6. Bb5 e6 7. 0-0 Nge7 8. Nh4 a6 9. Be2 Bg6 10. Nd2 Nf5 11. Nxg6 fxg6 12. Nf3 Be7 13. g4 Nh4 14. Nxh4 Bxh4 15. f4 Qd7 16. Bd3 Ne7 17. Rf3 0-0-0 18. Rh3 g5 19. fxg5 Ng6 20. Be3 c5 21. Qd2 c4 22. Bc2 Rdf8 23. b3 Kb8 24. bxc4 b6 25. Rb1 Ka7 26. a4 Rb8 27. Rf3 Ne7 28. Rf7 Qe8 29. Rbf1 Rb7 30. Qg2 h6 31. cxd5 exd5 32. c4 Qc6 33. cxd5 Nxd5 34. Be4 Rd8 35. Rxb7+ Qxb7 36. Bxd5 Qxd5 37. Qxd5 Rxd5 38. Rf7+ Kb8 39. e6 Bxg5 40. Bxg5 Rxg5 41. e7 Rxg4+ 42. Kf2 Re4 43. Rf8+ Kc7 44. e8Q Rxe8 45. Rxe8 1-0

[Event "Regionalliga NO 0708"]
[Site "Bayern"]
[Date "2008.02.17"]
[Round "6.1"]
[White "Illetsko, Jaroslav"]
[Black "Steinbacher, Matthias"]
[Result "0-1"]
[WhiteElo "2121"]
[BlackElo "2334"]
[PlyCount "96"]
[EventDate "2007.10.21"]
[EventType "team-tourn"]
[EventRounds "9"]
[EventCountry "GER"]
[SourceTitle "EXT 2009"]
[Source "ChessBase"]
[SourceDate "2008.11.26"]
[SourceVersion "1"]
[SourceVersionDate "2008.11.26"]
[SourceQuality "1"]
[WhiteTeam "Windischeschenbach"]
[BlackTeam "Altensittenbach"]
[WhiteTeamCountry "GER"]
[BlackTeamCountry "GER"]

1. d4 Nf6 2. Nf3 g6 3. c4 Bg7 4. Nc3 0-0 5. e4 d6 6. Be2 e5 7. dxe5 dxe5 8. Qxd8 Rxd8 9. Bg5 c6 10. Nxe5 Na6 11. Nxc6 Re8 12. e5 Nd7 13. Ne7+ Kf8 14. Nxc8 Raxc8 15. f4 h6 16. Bh4 g5 17. 0-0-0 Nxe5 18. fxe5 gxh4 19. e6 Bxc3 20. bxc3 Nc5 21. Rhf1 Nxe6 22. Rd7 Re7 23. Rxe7 Kxe7 24. Kb2 Rc5 25. Rf2 Re5 26. Bf3 Nc5 27. Kc2 f5 28. Rd2 Kf6 29. Rd8 h3 30. Kd2 hxg2 31. Bxg2 Ne6 32. Rd7 Ra5 33. Bxb7 Rxa2+ 34. Ke1 a5 35. Bd5 Nc5 36. Rc7 Nd3+ 37. Kd1 Ke5 38. Re7+ Kf4 39. c5 Ra1+ 40. Kc2 Nxc5 41. Rc7 Ne4 42. c4 Ke5 43. h4 Rh1 44. Ra7 Rh2+ 45. Kc1 Nc5 46. Bf7 Kd4 47. h5 Kc3 48. Kd1 Nd3 0-1